| 000 | 00348nam a2200145Ia 4500 | ||
|---|---|---|---|
| 008 | 200615s9999||||xx |||||||||||||| ||und|| | ||
| 020 | _a9788177584882 | ||
| 082 |
_a650 _bBUS-B |
||
| 100 | _aBOVEE THILL SCHATZMAN | ||
| 245 | 0 | _aBUSINESS COMMUNICATION TODAY | |
| 250 | _a7TH | ||
| 260 |
_anew delhi _bPEARSON _c2017 |
||
| 300 | _a618 | ||
| 942 | _cBK | ||
| 999 |
_c26405 _d26405 |
||